South Park episode by description - Statistics

General Stats
  • This quiz has been taken 111 times
  • The average score is 17 of 60
Answer Stats
Hint Answer % Correct
The first one Cartman gets an Anal Probe
91%
Kanye is a gay fish Fishsticks
78%
kim is NOT a hobbit The Hobbit
56%
Everyone but Kyle is metrosexual South Park is Gay
53%
Stan is the leader of scientology Trapped in the Closet
52%
Tom Cruise wants Muhammed 200
49%
Cartman hates Family Guy Cartoon Wars
48%
Cartman shoves burgers up his ass Ass Burgers
47%
They got censored 201
46%
Cartman feeds someone their parents Scott Tenorman must Die
46%
Tweek and Craig are gay Tweek X Craig
44%
Clyde has lice Lice Capades
43%
Al Gore wants attention ManBearPig
42%
Kenny throws a ninja star in Buttes eye Good Times With Weapons
41%
Cesar Milan puts Cartman on a leash Tsst
38%
Mrs. Garrison Kills an egg Follow that Egg!
37%
They get really fat Make Love not Warcraft
37%
Objectively the worst one Pip
33%
North Korea tests a nuke over Tweek's house Put it Down
33%
Randy says the N-Word With Apologies to Jesse Jackson
33%
The town scares the "rich" people away Here Comes the Neighborhood
30%
Found footage parody Pandemic
30%
Kyle talks to Abraham Lincoln The List
30%
Jimmy has a boner Erection Day
29%
Kenny gets a girlfriend The Ring
29%
Butters is Hawaiian Going Native
28%
Randy fights Batdad The Losing Edge
28%
Prince Harry wants privacy Worldwide Privacy Tour
28%
It was all on the Oculus Grounded Vindaloop
25%
Bin Laden helps South Park Its a Jersey Thing
25%
Kenny partakes on Chicken Fights Cock Magic
24%
Timmy adopts a Turkey Helen Keller the Musical
23%
The boys go to Costa Rica Rainforest Shmainforest
23%
Jesus dies in Iraq Red Sleigh Down
23%
The Mighty Ducks parody Stanley's Cup
23%
Randy goes to China Band in China
22%
Kenny betrays the Xbox Black Friday
20%
Stan learns the importance of voting Douche and Turd
20%
Persians fight the Lesbains D-Yikes!
20%
Ike gets deported Its Christmas in Canada
20%
Butters and Tolkien see a porno The Return of the Fellowship of the Ring to the Two Towers
20%
Cartman farts in Kyle's mouth Ginger Cow
19%
Craig kills a hamster Pandemic 2
18%
Harrison Yates arrests a pimp in Switzerland Butters Bottom Bitch
16%
The boys join "ISIS" Naughty Ninjas
16%
Chef teaches everyone the right age for sex ed Proper Condom Use
16%
Steven Seagal is inscure Safe Space
16%
The President is in the woods Splatty Tomato
16%
PC people draw a penis on Kyle Stunning and Brave
16%
Al Gore was right Time to get Cereal
15%
The Mexicans start to go back Last of the Meheecans
11%
Randy can't admit he's old Your Getting Old
11%
Lu Kim fights the Mongolians Child Abduction isnt Funny
10%
Heidi dumps Cartman Doubling Down
10%
Randy is Lorde The Cissy
9%
Sharon gets a shake weight Cream Fraiche
8%
Lesley is an ad Sponsored Content
8%
Kyle turns into Sheila SUPER HARD PCness
6%
Tolkien can play the bass Christian Hard Rock
5%
They go to Nebraska Merry Christmas Charlie Mansion
3%
No matching quizzes found
Score Distribution
Percent of People with Each Score
Percentile by Number Answered
Your Score History
You have not taken this quiz